000 00502nam a2200217Ia 4500
003 OSt
005 20230207152606.0
008 210210b2007 xxu||||| |||| 00| 0 eng d
020 _a033397856
040 _cAL
041 _aeng
082 _a901 ALIH
100 _aALI (B Sheik)
_971112
245 _aHistory: its theory and method
250 _a2
260 _aNew Delhi
_bMacmillan & Co. Ltd.
_c2007
300 _avii,418
690 _aHistory
_971113
906 _a062332
942 _2ddc
_cBK
999 _c117477
_d117477